Psychology an introduction (Practives tests)

Zapisane w:
Opis bibliograficzny
Format: Książka
Wydane: 2004
Etykiety: Dodaj etykietę
Nie ma etykietki, Dołącz pierwszą etykiete!
Thư viện lưu trữ: Mạng thư viện Đại học Đà Nẵng
LEADER 00460nam a22001811a 4500
001 000037863
003 14158
005 20160412021153.0
008 160412s2004 000
082 |a 4A(07)1325-26 
245 |a Psychology an introduction (Practives tests)  |c Bemjamin B. Lahey 
260 |c 2004 
OWN |a LNN 
999 |a From the UDN01 
TYP |a Monograph 
980 |a Mạng thư viện Đại học Đà Nẵng